रक्त हिटलरचे. (Record no. 714057)

MARC details
000 -LEADER
fixed length control field 00558nam a2200181Ia 4500
008 - FIXED-LENGTH DATA ELEMENTS--GENERAL INFORMATION
fixed length control field 100920s9999 xx 000 0 und d
082 ## - DEWEY DECIMAL CLASSIFICATION NUMBER
Item number 72248
Classification number 24 थ 94
100 ## - MAIN ENTRY--PERSONAL NAME
Personal name सोनवणी संजय.
245 ## - TITLE STATEMENT
Title रक्त हिटलरचे.
260 ## - PUBLICATION, DISTRIBUTION, ETC. (IMPRINT)
Name of publisher, distributor, etc अमोद प्रकाशन, मुंबई.
Date of publication, distribution, etc 1994
300 ## - PHYSICAL DESCRIPTION
Extent 188
Other physical details साधी
365 ## - TRADE PRICE
Price amount 100
520 ## - SUMMARY, ETC.
Summary, etc सायो.
630 ## - SUBJECT ADDED ENTRY--UNIFORM TITLE
Uniform title रक्त हिटलरचे.
650 ## - SUBJECT ADDED ENTRY--TOPICAL TERM
Topical term or geographic name as entry element सायो.
730 ## - ADDED ENTRY--UNIFORM TITLE
Uniform title रक्त हिटलरचे.
942 ## - ADDED ENTRY ELEMENTS (KOHA)
Koha item type Book
Holdings
Withdrawn status Lost status Damaged status Not for loan Home library Current library Shelving location Date acquired Cost, normal purchase price Total Checkouts Barcode Date last seen Price effective from Koha item type Public note
        Shri Chhatrapati Pratapsinh Maharaj ( Thorle) Nagar Vachanalaya, Satara Shri Chhatrapati Pratapsinh Maharaj ( Thorle) Nagar Vachanalaya, Satara     100.00   SATVAC-72248 09/20/2010 09/20/2010 Book साखळी योजना